Statistics for Some world territories that we always forget! #6

Click here to take the quiz!

General Stats

  • This quiz has been taken 18 times
  • The average score is 7 of 12

Answer Stats

Language (official)Forgotten territories% Correct
Spanish and ArabicCeuta
92%
Spanish and ArabicMelilla
92%
SpanishCanary Islands
75%
FrenchMayotte
75%
FrenchRéunion
75%
ArabicSomaliland
67%
PortugueseMadeira
50%
ArabicSahrawi Arab Democratic Republic
50%
FrenchFrench Southern and Antarctic Lands
42%
ItalianPelagie Islands
33%
SpanishPlazas de soberanía
25%
EnglishSaint Helena, Ascension and Tristan da Cunha
25%

Score Distribution

Percentile by Number Answered

Percent of People with Each Score

Your Score History

You have not taken this quiz